[Event "33rd World U20 ch"]
[Site "Matinhos BRA"]
[Date "1994.09.??"]
[Round "8"]
[White "Vitor, Antonio"]
[Black "Kovacevic, Blazimir"]
[Result "1/2-1/2"]
[WhiteElo "2195"]
[BlackElo "2315"]
[EventDate "1994.09.03"]
[PlyCount "133"]

1.e4 e5 2.Nf3 Nf6 3.d4 Nxe4 4.Bd3 Nc6 5.Bxe4 d5 6.Bd3 e4 7.Bb5 exf3 8.Qxf3
Qe7+ 9.Qe3 Bf5 10.c3 O-O-O 11.Qxe7 Bxe7 12.f3 Bd6 13.Kf2 Ne7 14.Nd2 c6 15.
Be2 Ng6 16.g3 h5 17.h4 Ne7 18.Re1 Bg6 19.Nf1 Nf5 20.Kg2 Rhe8 21.Bd2 Re7 
22.Bd1 Rde8 23.Rxe7 Rxe7 24.b4 b6 25.Kf2 c5 26.dxc5 bxc5 27.f4 cxb4 28.
cxb4 Bc7 29.Bf3 Bb6+ 30.Kg2 d4 31.a4 Ne3+ 32.Nxe3 dxe3 33.Rc1+ Kd8 34.Be1 
Bd4 35.b5 Bb2 36.Ba5+ Ke8 37.Rc8+ Kd7 38.Rc7+ Kd6 39.Rxe7 Kxe7 40.Bb4+ Kd7
41.Bc5 Bc2 42.a5 Bd3 43.Bxe3 Bxb5 44.Bxa7 g6 45.Bb6 Ba6 46.Kf2 Bc3 47.Bd5 
Ke7 48.Be4 Ke6 49.Bc7 Kd7 50.Bb6 Ke6 51.f5+ gxf5 52.Bf3 Bf6 53.Bxh5 f4 54.
Bd1 fxg3+ 55.Kxg3 Bd3 56.Bg4+ Kd6 57.Bc8 Be5+ 58.Kf3 Kc6 59.Bd8 f5 60.a6 
Bd4 61.Bb7+ Kd7 62.Bg5 Ke6 63.h5 Kf7 64.Bf4 Ba7 65.Be5 Kg8 66.Kf4 Kh7 67.
Kg5 1/2-1/2

[Event "33rd World U20 ch"]
[Site "Matinhos BRA"]
[Date "1994.09.??"]
[Round "9"]
[White "Oratovsky, Michael"]
[Black "Miladinovic, Igor"]
[Result "0-1"]
[WhiteElo "2520"]
[BlackElo "2500"]
[EventDate "1994.09.03"]
[PlyCount "118"]

1.e4 c5 2.Nf3 Nc6 3.Bb5 e6 4.Bxc6 bxc6 5.d3 Ne7 6.h4 f6 7.e5 fxe5 8.Nxe5 
d6 9.Nc4 Nf5 10.Bg5 Be7 11.Bxe7 Qxe7 12.Qh5+ g6 13.Qg5 Rb8 14.Nc3 d5 15.
Qxe7+ Nxe7 16.Nd6+ Kd7 17.Nxc8 Rhxc8 18.b3 Rf8 19.Nd1 Rb4 20.Ne3 h5 21.a3 
Rbf4 22.f3 a5 23.Ke2 a4 24.Rab1 axb3 25.Rxb3 Ra8 26.g3 Rfa4 27.Ra1 e5 28.
g4 Ke6 29.Rg1 c4 30.dxc4 d4 31.Nd1 hxg4 32.Rxg4 Rxc4 33.Kd3 Rca4 34.Nb2 
Rxa3 35.Nc4 Rxb3+ 36.cxb3 Rb8 37.Rg5 Rxb3+ 38.Ke4 Rc3 39.Rxe5+ Kf6 40.Rc5 
d3 41.Ke3 Nd5+ 42.Kd2 Kg7 43.f4 Kh7 44.f5 gxf5 45.Rxd5 cxd5 46.Ne3 Rc2+ 
47.Kxd3 Rf2 48.Nxd5 Kg6 49.Kd4 Kh5 50.Ke3 Rf1 51.Ke2 Rh1 52.Ne3 f4 53.Nd5 
Kg4 54.Nf6+ Kf5 55.Nd5 Rxh4 56.Kf3 Rh3+ 57.Kf2 Rd3 58.Nb4 Rd4 59.Nc6 Rd6 
0-1

[Event "33rd World U20 ch"]
[Site "Matinhos BRA"]
[Date "1994.09.??"]
[Round "9"]
[White "Gabriel, Christian"]
[Black "Pelletier, Yannick"]
[Result "1-0"]
[WhiteElo "2545"]
[BlackElo "2350"]
[EventDate "1994.09.03"]
[PlyCount "51"]

1.e4 c5 2.Nf3 d6 3.d4 cxd4 4.Nxd4 Nf6 5.Nc3 Nc6 6.Bg5 e6 7.Qd2 Be7 8.O-O-O
O-O 9.f4 Nxd4 10.Qxd4 Qa5 11.Kb1 Rd8 12.h4 a6 13.Qd2 Qc7 14.Bd3 b5 15.Qe2 
Bb7 16.Rhf1 b4 17.e5 Nd5 18.Ne4 Bxg5 19.hxg5 dxe5 20.fxe5 Qxe5 21.Qf2 f5 
22.gxf6 Nxf6 23.Nxf6+ Qxf6 24.Qc5 Rxd3 25.cxd3 Qh4 26.Qc7 1-0

[Event "33rd World U20 ch"]
[Site "Matinhos BRA"]
[Date "1994.09.??"]
[Round "9"]
[White "Nalbandian, Tigran"]
[Black "Georgiev, Vladimir"]
[Result "0-1"]
[WhiteElo "2455"]
[BlackElo "2400"]
[EventDate "1994.09.03"]
[PlyCount "94"]

1.Nf3 Nf6 2.d4 d5 3.Bf4 c5 4.e3 Nc6 5.c3 Qb6 6.Qb3 c4 7.Qc2 Bf5 8.Qc1 h6 
9.Nbd2 e6 10.Be2 Qd8 11.O-O g5 12.Bg3 Nh5 13.Be5 f6 14.Nh4 gxh4 15.Bxh5+ 
Kd7 16.e4 Bxe4 17.Nxe4 fxe5 18.dxe5 Kc7 19.Rd1 Nxe5 20.Qe3 Nd3 21.Qd4 Rg8 
22.Rxd3 cxd3 23.Nf6 Rg5 24.Re1 Rc8 25.Rxe6 Kb8 26.Qf4+ Bd6 27.Rxd6 Qc7 28.
Ne8 Qc4 29.Qxc4 dxc4 30.Nf6 Ra5 31.Bg4 Rxa2 32.h3 Rh8 33.Rd4 b5 34.Rd7 
Rxb2 35.Nd5 Rf8 36.f4 d2 37.Ne7 Rf6 38.Bf3 Rb6 39.f5 b4 40.f6 Rxf6 41.Be4 
bxc3 42.Kh2 c2 43.Nd5 Rf8 44.Bxc2 Rxc2 45.Nb4 Rb2 46.Nc6+ Kc8 47.Rxa7 Rf6 
0-1

[Event "33rd World U20 ch"]
[Site "Matinhos BRA"]
[Date "1994.09.??"]
[Round "9"]
[White "Mariano, Nelson"]
[Black "Vescovi, Giovanni"]
[Result "1-0"]
[WhiteElo "2345"]
[BlackElo "2455"]
[EventDate "1994.09.03"]
[PlyCount "103"]

1.e4 c5 2.Nf3 d6 3.c3 Nf6 4.Be2 g6 5.O-O Bg7 6.Re1 O-O 7.Bf1 e5 8.h3 Re8 
9.d3 Nc6 10.Na3 h6 11.Be3 b6 12.b4 cxb4 13.cxb4 Nxb4 14.Qd2 Nc6 15.Bxh6 d5
16.Bxg7 Kxg7 17.Qg5 d4 18.Rec1 Bb7 19.Nc4 Nh5 20.Qd2 Qf6 21.Nh2 Qe7 22.Ng4
Rh8 23.Rab1 f5 24.exf5 gxf5 25.Nh2 Nf4 26.Nf3 Rag8 27.Kh2 Kf8 28.g3 Qg7 
29.gxf4 Qg4 30.Ncxe5 Nxe5 31.Qb4+ Ke8 32.Qb5+ Nc6 33.Qd5 Qxf4+ 34.Kh1 Rg6 
35.Re1+ Kf8 36.Bg2 Rd6 37.Ne5 Rxd5 38.Ng6+ Kg7 39.Nxf4 Rd7 40.Kh2 Rh4 41.
Rg1 Kf7 42.Ng6 Rh6 43.Bxc6 Bxc6 44.Ne5+ Kf8 45.Nxd7+ Bxd7 46.Rb4 f4 47.
Rxd4 Rxh3+ 48.Kg2 f3+ 49.Kf1 Bc6 50.Rd6 Bb5 51.Ke1 Ke7 52.Rd4 1-0

[Event "33rd World U20 ch"]
[Site "Matinhos BRA"]
[Date "1994.09.??"]
[Round "9"]
[White "Barria Zuniga, Daniel"]
[Black "Fancsy, Imre"]
[Result "1-0"]
[WhiteElo "2340"]
[BlackElo "2415"]
[EventDate "1994.09.03"]
[PlyCount "85"]

1.e4 c5 2.Nf3 e6 3.d4 cxd4 4.Nxd4 a6 5.Bd3 Qc7 6.O-O Nf6 7.Qe2 d6 8.c4 g6 
9.Nc3 Bg7 10.Be3 O-O 11.Rac1 b6 12.Rfd1 Nbd7 13.b3 Bb7 14.f3 Rac8 15.Qf2 
Qb8 16.Bf1 Ba8 17.Kh1 Rfd8 18.Qh4 Nh5 19.Bg5 Re8 20.g4 Nhf6 21.Bh6 Bh8 22.
Nde2 Ne5 23.Bg2 b5 24.Bg5 Nfd7 25.cxb5 axb5 26.Be7 Rc6 27.Nd4 Rb6 28.Bg5 
Nc5 29.Be3 b4 30.Nce2 Ned3 31.Rc2 e5 32.Nf5 gxf5 33.gxf5 f6 34.Ng3 Nf4 35.
Bf1 Bg7 36.Bxf4 exf4 37.Nh5 Rb7 38.Bc4+ Kh8 39.Nxf6 Bxf6 40.Qxf6+ Rg7 41.
Rg2 Re7 42.Rxg7 Rxg7 43.Rg1 1-0

[Event "33rd World U20 ch"]
[Site "Matinhos BRA"]
[Date "1994.09.??"]
[Round "9"]
[White "Goldgewicht, Lionel"]
[Black "Barkhagen, Jonas"]
[Result "0-1"]
[WhiteElo "2300"]
[BlackElo "2400"]
[EventDate "1994.09.03"]
[PlyCount "78"]

1.e4 e6 2.d4 d5 3.Nc3 Nf6 4.e5 Nfd7 5.f4 c5 6.Nf3 Nc6 7.Be3 Qb6 8.Na4 Qa5+
9.c3 cxd4 10.b4 Nxb4 11.cxb4 Bxb4+ 12.Bd2 Bxd2+ 13.Nxd2 g5 14.Rb1 a6 15.
Kf2 gxf4 16.Nf3 b5 17.Nb2 Nc5 18.Qxd4 Ne4+ 19.Kg1 Qxa2 20.Rc1 Bd7 21.Nd3 
Qa3 22.Rc7 Ke7 23.Nxf4 Rhc8 24.Rxc8 Rxc8 25.h3 Rc2 26.Nd3 a5 27.Kh2 b4 28.
Qe3 Qc3 29.Qb6 b3 30.Nd4 Rd2 31.Nxb3 Rxd3 32.Bxd3 Qxd3 33.Nc5 Qg3+ 34.Kg1 
Qf2+ 35.Kh2 Qxc5 36.Qb8 Qb5 37.Qg8 Qb2 38.Qg7 a4 39.Re1 Be8 0-1

[Event "33rd World U20 ch"]
[Site "Matinhos BRA"]
[Date "1994.09.??"]
[Round "9"]
[White "Escobedo Tinajero, Alberto"]
[Black "Del Rio Angelis, Salvador Gabriel"]
[Result "0-1"]
[WhiteElo "2325"]
[BlackElo "2350"]
[EventDate "1994.09.03"]
[PlyCount "104"]

1.d4 e6 2.c4 f5 3.Nf3 Nf6 4.g3 d5 5.Bg2 c6 6.O-O Bd6 7.b3 Qe7 8.Bf4 Bxf4 
9.gxf4 O-O 10.e3 Ne4 11.Nbd2 Nd7 12.Rc1 Kh8 13.Qe2 Ndf6 14.Nxe4 Nxe4 15.
Ne5 Bd7 16.Bxe4 fxe4 17.f3 exf3 18.Rxf3 Rf5 19.Rg3 Raf8 20.Kh1 c5 21.cxd5 
cxd4 22.Rc7 Rd8 23.Qb5 dxe3 24.Rxd7 Rxd7 25.Qxd7 Qxd7 26.Nxd7 e2 27.Rg1 
Rxf4 28.Ne5 Rf1 29.Nd3 Rd1 30.Ne1 exd5 31.Kg2 d4 32.Kf2 d3 33.Nxd3 Rxd3 
34.Kxe2 Rh3 35.Rg2 Kg8 36.Kd2 Kf7 37.Kc2 Kf6 38.Kb2 g5 39.a4 Kf5 40.Rf2+ 
Ke4 41.a5 h5 42.Ka3 g4 43.Rf7 Rxh2 44.Rxb7 g3 45.Rxa7 Rh1 46.Rg7 Kf3 47.
Rf7+ Kg4 48.Rg7+ Kh3 49.Kb2 g2 50.a6 g1=Q 51.Rxg1 Rxg1 52.b4 Rg6 0-1

[Event "33rd World U20 ch"]
[Site "Matinhos BRA"]
[Date "1994.09.??"]
[Round "9"]
[White "Jaracz, Pawel"]
[Black "Pingitzer, Harald"]
[Result "1-0"]
[WhiteElo "2415"]
[BlackElo "2250"]
[EventDate "1994.09.03"]
[PlyCount "111"]

1.Nf3 Nf6 2.g3 g6 3.Bg2 Bg7 4.O-O O-O 5.Re1 d5 6.d3 b6 7.c3 Bb7 8.Bf4 c5 
9.Qd2 Re8 10.Na3 Nc6 11.Ne5 Nxe5 12.Bxe5 Qd7 13.Rad1 Qf5 14.Qf4 Qxf4 15.
gxf4 Nh5 16.Bxg7 Kxg7 17.e3 e6 18.d4 cxd4 19.Rxd4 Nf6 20.Red1 Re7 21.Nc2 
Rc8 22.Bf1 Kf8 23.Rb4 Ne4 24.a4 Nc5 25.Ra1 Bc6 26.a5 Rb8 27.axb6 axb6 28.
Nd4 Be8 29.f3 Rc7 30.Kf2 Ke7 31.h4 h5 32.Ra3 Kd6 33.Nc2 Rcc8 34.e4 Bc6 35.
Ke3 Kc7 36.Nd4 Ra8 37.Rxa8 Rxa8 38.Nxc6 Kxc6 39.Bb5+ Kd6 40.Rd4 Nb3 41.Ra4
Rxa4 42.Bxa4 Nc5 43.Be8 Ke7 44.Bb5 Nb7 45.Kd4 Nd6 46.Bd3 dxe4 47.fxe4 f6 
48.e5 fxe5+ 49.fxe5 Nf5+ 50.Bxf5 gxf5 51.c4 Kd7 52.b4 b5 53.c5 Kc7 54.Ke3 
Kc6 55.Kf3 f4 56.Ke4 1-0

[Event "33rd World U20 ch"]
[Site "Matinhos BRA"]
[Date "1994.09.??"]
[Round "9"]
[White "Votava, Jan"]
[Black "Nordahl, Helge"]
[Result "1-0"]
[WhiteElo "2410"]
[BlackElo "2245"]
[EventDate "1994.09.03"]
[PlyCount "137"]

1.e4 e6 2.d4 d5 3.Nc3 Bb4 4.Qd3 dxe4 5.Qxe4 Nf6 6.Qh4 Nd5 7.Bg5 Qd6 8.Bd2 
e5 9.Qe4 Bxc3 10.bxc3 Nc6 11.Bb5 O-O 12.Bxc6 bxc6 13.dxe5 Re8 14.Nf3 Ba6 
15.c4 Nf6 16.Qe3 Qe6 17.O-O Ng4 18.Qe4 Nxe5 19.Nxe5 Qxe5 20.Qxc6 Qd6 21.
Qxd6 cxd6 22.Be3 Bxc4 23.Rfb1 a6 24.a3 Rab8 25.Rb4 d5 26.Rab1 Rb5 27.c3 
Reb8 28.a4 Rxb4 29.cxb4 f6 30.f3 Kf7 31.Kf2 Ke6 32.Bc5 Kd7 33.h4 Bd3 34.
Rb2 h5 35.Ke3 Bc4 36.Ba7 Re8+ 37.Kf2 Kc6 38.Bd4 Re6 39.Bc5 Re8 40.Be3 Re7 
41.Rb1 Re8 42.Re1 Re7 43.Rg1 Rb7 44.g4 Rxb4 45.gxh5 Rb2+ 46.Kg3 Bd3 47.Rd1
Rb3 48.Rc1+ Bc4 49.Bd4 Kd6 50.Re1 Ra3 51.Re8 Rxa4 52.Rg8 Bd3 53.Be3 Rc4 
54.Rxg7 Rc8 55.Bd4 Ke6 56.Rb7 Rh8 57.Rb6+ Kd7 58.Bxf6 Rxh5 59.Kg4 Rh7 60.
Kg5 Kc7 61.Rb3 Bc4 62.Rc3 Kc6 63.h5 Kc5 64.h6 d4 65.Rc2 d3 66.Rh2 Rd7 67.
h7 Rxh7 68.Rxh7 d2 69.Rc7+ 1-0

[Event "33rd World U20 ch"]
[Site "Matinhos BRA"]
[Date "1994.09.??"]
[Round "9"]
[White "Pcola, Pavol"]
[Black "Leitao, Rafael"]
[Result "1-0"]
[WhiteElo "2280"]
[BlackElo "2335"]
[EventDate "1994.09.03"]
[PlyCount "68"]

1.e4 c5 2.c3 d6 3.d4 Nf6 4.Bd3 cxd4 5.cxd4 g6 6.Nf3 Bg7 7.O-O O-O 8.Nc3 
Bg4 9.h3 Bxf3 10.Qxf3 Nc6 11.Qe3 Nd7 12.d5 Nb4 13.Bb1 Nb6 14.a3 Na6 15.b3 
e6 16.dxe6 fxe6 17.Ra2 Nc5 18.Ne2 a5 19.a4 Nbd7 20.Nd4 Bxd4 21.Qxd4 Nxb3 
22.Qxd6 Ra6 23.Qg3 Nxc1 24.Rxc1 b6 25.Rd2 Ra7 26.Ba2 Qf6 27.Qd6 Re8 28.Qc6
Re7 29.Rd6 Kf7 30.Qc3 Nc5 31.Qe3 Rac7 32.e5 Qf5 33.Bb1 Qh5 34.Qf4+ Kg7 1-0

[Event "33rd World U20 ch"]
[Site "Matinhos BRA"]
[Date "1994.09.??"]
[Round "9"]
[White "Kovacevic, Blazimir"]
[Black "Cukier, Marcelo"]
[Result "1-0"]
[WhiteElo "2315"]
[BlackElo "2290"]
[EventDate "1994.09.03"]
[PlyCount "60"]

1.d4 d5 2.c4 e6 3.Nc3 c6 4.e3 Nd7 5.Nf3 Bd6 6.e4 dxe4 7.Nxe4 Bb4+ 8.Bd2 
Qe7 9.c5 Bxd2+ 10.Qxd2 Ngf6 11.Nd6+ Kf8 12.Ng5 b6 13.Ndxf7 Ne4 14.Nxe4 
Qxf7 15.Bd3 Nf6 16.O-O Bd7 17.Ng5 Qe7 18.Rfe1 h6 19.Nf3 bxc5 20.Ne5 Be8 
21.dxc5 g5 22.Qc3 Kg7 23.Bc4 Rf8 24.Ng4 Bd7 25.Rad1 h5 26.Nxf6 Rxf6 27.Rd6
Re8 28.Re5 Kh6 29.Qd2 Rf7 30.h4 Rg8 1-0

[Event "33rd World U20 ch"]
[Site "Matinhos BRA"]
[Date "1994.09.??"]
[Round "9"]
[White "Al-Modiahki, Mohamad"]
[Black "Dias, Anderson Tatsch"]
[Result "1-0"]
[WhiteElo "2370"]
[BlackElo "2190"]
[EventDate "1994.09.03"]
[PlyCount "55"]

1.e4 d6 2.d4 Nf6 3.Nc3 g6 4.g3 Bg7 5.Bg2 O-O 6.Nge2 c6 7.a4 e5 8.h3 Nbd7 
9.Be3 Re8 10.O-O exd4 11.Bxd4 Qe7 12.g4 Nc5 13.Ng3 a5 14.g5 Nfd7 15.Bxg7 
Kxg7 16.f4 Kg8 17.Qd2 Nf8 18.Rad1 Rd8 19.f5 Qe5 20.Qf2 b6 21.Nge2 Ra7 22.
Nd4 Qe8 23.Qh4 f6 24.gxf6 Rf7 25.e5 dxe5 26.Nxc6 Rxd1 27.Rxd1 Bxf5 28.Rd8 
1-0

[Event "33rd World U20 ch"]
[Site "Matinhos BRA"]
[Date "1994.09.??"]
[Round "9"]
[White "Vitor, Antonio"]
[Black "Dos Santos, Ramiro"]
[Result "0-1"]
[WhiteElo "2195"]
[BlackElo "2315"]
[EventDate "1994.09.03"]
[PlyCount "78"]

1.e4 e5 2.Nf3 Nc6 3.Bb5 a6 4.Ba4 Nf6 5.d4 exd4 6.O-O Be7 7.Re1 b5 8.e5 
Nxe5 9.Nxe5 bxa4 10.Qxd4 O-O 11.Nc3 Rb8 12.a3 Rb6 13.Nxa4 Re6 14.Bg5 Bb7 
15.Qa7 Qc8 16.Nd3 d6 17.f3 h6 18.Bd2 Re8 19.Nf4 Re5 20.Nd3 Re6 21.Nf4 
Rxe1+ 22.Rxe1 Nd7 23.Nd3 Bc6 24.Nc3 Nb6 25.b3 Qd7 26.Nb4 Ra8 27.Rxe7 Rxa7 
28.Rxd7 Bxd7 29.Kf2 Ra8 30.a4 Be6 31.a5 Nd7 32.Nc6 Ne5 33.Nxe5 dxe5 34.Ne4
Bf5 35.Ke3 f6 36.c3 Bxe4 37.fxe4 Kf7 38.Ke2 Ke6 39.Be3 f5 0-1

[Event "33rd World U20 ch"]
[Site "Matinhos BRA"]
[Date "1994.09.??"]
[Round "10"]
[White "Oratovsky, Michael"]
[Black "Gabriel, Christian"]
[Result "0-1"]
[WhiteElo "2520"]
[BlackElo "2545"]
[EventDate "1994.09.03"]
[PlyCount "80"]

1.e4 e5 2.Nf3 Nc6 3.Bc4 Bc5 4.c3 Nf6 5.d3 a6 6.O-O d6 7.b4 Ba7 8.a4 Ne7 9.
Nbd2 O-O 10.Ba3 Ng6 11.b5 axb5 12.axb5 Bc5 13.Bxc5 Rxa1 14.Qxa1 dxc5 15.
Re1 Nd7 16.Qa3 Qf6 17.g3 h6 18.Kg2 Rd8 19.h4 Ngf8 20.Bd5 Nh7 21.Qa5 Nb6 
22.Re3 Qe7 23.Qa3 Nf6 24.d4 exd4 25.cxd4 Nbxd5 26.exd5 Qd7 27.Qxc5 Nxd5 
28.Re1 b6 29.Qc6 Qxc6 30.bxc6 Be6 31.Nf1 Nb4 32.Rc1 Bd5 33.Ne3 Be4 34.g4 
Nxc6 35.Kg3 Bxf3 36.Kxf3 Nxd4+ 37.Ke4 Ne6 38.Rc6 Rd2 39.Nf5 Rxf2 40.Ke3 
Rg2 0-1

[Event "33rd World U20 ch"]
[Site "Matinhos BRA"]
[Date "1994.09.??"]
[Round "10"]
[White "Vescovi, Giovanni"]
[Black "Gretarsson, Helgi Ass"]
[Result "1/2-1/2"]
[WhiteElo "2455"]
[BlackElo "2450"]
[EventDate "1994.09.03"]
[PlyCount "21"]

1.e4 e5 2.Nc3 Nf6 3.f4 d5 4.fxe5 Nxe4 5.Nf3 Be7 6.Qe2 Nxc3 7.dxc3 O-O 8.
Bf4 c5 9.Qd2 Be6 10.Bd3 Nd7 11.b3 1/2-1/2

[Event "33rd World U20 ch"]
[Site "Matinhos BRA"]
[Date "1994.09.??"]
[Round "10"]
[White "Kumaran, Dharshan"]
[Black "Georgiev, Vladimir"]
[Result "1-0"]
[WhiteElo "2495"]
[BlackElo "2400"]
[EventDate "1994.09.03"]
[PlyCount "47"]

1.d4 d5 2.c4 c6 3.Nf3 Nf6 4.Nc3 e6 5.Bg5 dxc4 6.e4 b5 7.e5 h6 8.Bh4 g5 9.
exf6 gxh4 10.Ne5 Qxf6 11.a4 Bb7 12.Be2 Bg7 13.Bf3 Qe7 14.axb5 c5 15.dxc5 
Bxe5 16.c6 Bxc6 17.bxc6 Bc7 18.Qd4 Rg8 19.O-O a5 20.Nd5 exd5 21.Rfe1 Nxc6 
22.Qxd5 Ne5 23.Qxa8+ Qd8 24.Rxa5 1-0

[Event "33rd World U20 ch"]
[Site "Matinhos BRA"]
[Date "1994.09.??"]
[Round "10"]
[White "Barkhagen, Jonas"]
[Black "Nalbandian, Tigran"]
[Result "1-0"]
[WhiteElo "2400"]
[BlackElo "2455"]
[EventDate "1994.09.03"]
[PlyCount "90"]

1.d4 d5 2.c4 c6 3.Nf3 Nf6 4.cxd5 cxd5 5.Nc3 a6 6.Bf4 Nc6 7.e3 Bf5 8.Rc1 e6
9.Qb3 Bb4 10.Ne5 O-O 11.Nxc6 Bxc3+ 12.Rxc3 bxc6 13.Qa3 c5 14.Rxc5 Ne4 15.
Be2 Nxc5 16.dxc5 Re8 17.Bd6 Qg5 18.O-O Bh3 19.Bg3 Bg4 20.f3 Bf5 21.Rd1 Qe7
22.Qa5 Qg5 23.Kf2 Rec8 24.Qb6 Qe7 25.b4 Qd7 26.Bxa6 Qa4 27.Bxc8 Qc2+ 28.
Ke1 Qc3+ 29.Kf1 Rxc8 30.Qa6 e5 31.e4 Bh3 32.Qd3 Qxd3+ 33.Rxd3 dxe4 34.fxe4
Be6 35.Ra3 f6 36.Ra7 h5 37.a4 Kh7 38.Bf2 Rd8 39.Be3 Rd3 40.Kf2 Rb3 41.Bd2 
Rb2 42.Ke2 Bc4+ 43.Ke1 Bd3 44.c6 Bxe4 45.c7 Rc2 1-0

[Event "33rd World U20 ch"]
[Site "Matinhos BRA"]
[Date "1994.09.??"]
[Round "10"]
[White "Miladinovic, Igor"]
[Black "Mariano, Nelson"]
[Result "1/2-1/2"]
[WhiteElo "2500"]
[BlackElo "2345"]
[EventDate "1994.09.03"]
[PlyCount "48"]

1.d4 e6 2.c4 b6 3.Nc3 Bb7 4.a3 f5 5.Nf3 Nf6 6.g3 Ne4 7.Qd3 Be7 8.Bg2 O-O 
9.O-O Nxc3 10.Qxc3 Bf6 11.Be3 d6 12.Rfd1 Qe7 13.h4 Nd7 14.Qc2 Be4 15.Qa4 
e5 16.dxe5 Bxe5 17.Nxe5 Nxe5 18.c5 bxc5 19.Bxe4 fxe4 20.Qxe4 a5 21.b4 axb4
22.axb4 Rxa1 23.Rxa1 cxb4 24.Qxb4 Qe6 1/2-1/2

[Event "33rd World U20 ch"]
[Site "Matinhos BRA"]
[Date "1994.09.??"]
[Round "10"]
[White "Jaracz, Pawel"]
[Black "Votava, Jan"]
[Result "0-1"]
[WhiteElo "2415"]
[BlackElo "2410"]
[EventDate "1994.09.03"]
[PlyCount "124"]

1.c4 e6 2.Nf3 Nf6 3.b3 b6 4.Bb2 Bb7 5.g3 Be7 6.Bg2 O-O 7.O-O d5 8.e3 c5 9.
Qe2 Nc6 10.Nc3 d4 11.Nb5 a6 12.Na3 d3 13.Qd1 Nb4 14.Ne1 Bxg2 15.Kxg2 Ne4 
16.f3 Nd6 17.Nb1 Bf6 18.Nc3 Ra7 19.a3 Nc6 20.Qb1 Rd7 21.Nd1 Na5 22.Bxf6 
Qxf6 23.Ra2 Rfd8 24.Nf2 b5 25.cxb5 axb5 26.b4 cxb4 27.axb4 Nac4 28.Nexd3 
Nf5 29.Re1 Qg6 30.Qd1 e5 31.e4 Ne7 32.Qa1 Nc6 33.Qc3 h5 34.Ra6 Rd6 35.f4 
f6 36.Nb2 Nxb2 37.Rxc6 Nd3 38.Re3 Nxf4+ 39.Kf1 Ne6 40.Rxd6 Rxd6 41.Qc8+ 
Kh7 42.Ra3 Qf7 43.d3 Rd8 44.Qc6 Nd4 45.Qb6 Rc8 46.Ra7 Qg6 47.Rc7 Rxc7 48.
Qxc7 Qg5 49.Qf7 h4 50.Kg2 Ne2 51.g4 h3+ 52.Kf1 Nd4 53.Nxh3 Qxg4 54.Nf2 
Qe2+ 55.Kg2 Nc2 56.Qd7 Ne1+ 57.Kg1 Nf3+ 58.Kg2 Nh4+ 59.Kg3 Qf3+ 60.Kxh4 
Qxf2+ 61.Kh3 Qf3+ 62.Kh4 Kh6 0-1

[Event "33rd World U20 ch"]
[Site "Matinhos BRA"]
[Date "1994.09.??"]
[Round "10"]
[White "Relange, Eloi"]
[Black "Singh, Gurpreetpal"]
[Result "1-0"]
[WhiteElo "2445"]
[BlackElo "2350"]
[EventDate "1994.09.03"]
[PlyCount "39"]

1.d4 Nf6 2.c4 g6 3.g3 Bg7 4.Bg2 O-O 5.Nc3 d6 6.Nf3 Nc6 7.O-O e5 8.d5 Na5 
9.Nd2 c5 10.dxc6 Nxc6 11.Nde4 Ne8 12.Nb5 Nd4 13.Nxd4 exd4 14.b3 Qe7 15.Qd3
Bf5 16.Bb2 Rd8 17.Bxd4 d5 18.Bxg7 Nxg7 19.cxd5 Rfe8 20.f3 1-0

[Event "33rd World U20 ch"]
[Site "Matinhos BRA"]
[Date "1994.09.??"]
[Round "10"]
[White "Al-Modiahki, Mohamad"]
[Black "Waitzkin, Joshua"]
[Result "0-1"]
[WhiteElo "2370"]
[BlackElo "2415"]
[EventDate "1994.09.03"]
[PlyCount "104"]

1.e4 c5 2.Nf3 d6 3.d4 Nf6 4.Nc3 cxd4 5.Nxd4 Nc6 6.g3 e5 7.Nb3 Be7 8.Bg2 
O-O 9.h3 a5 10.a4 Nb4 11.O-O Be6 12.Nd5 Nfxd5 13.exd5 Bf5 14.c3 Nd3 15.Be3
b6 16.Qe2 Nc5 17.Bxc5 bxc5 18.Nd2 Bc8 19.Nc4 Ba6 20.Rfb1 Qc7 21.Bf1 f5 22.
Qc2 e4 23.Na3 Bxf1 24.Rxf1 Bf6 25.Rae1 c4 26.Qe2 Rac8 27.Nb5 Qd7 28.f4 Bd8
29.Kh2 Bb6 30.g4 g6 31.gxf5 gxf5 32.Qh5 Kh8 33.Qh6 Bc5 34.Rg1 Bxg1+ 35.
Rxg1 Qe7 36.Nd4 Qf6 37.Qh5 Rb8 38.Rg2 Rg8 39.Re2 Qg7 40.Qg5 Qxg5 41.fxg5 
Rxg5 42.h4 Rh5 43.Kh3 Rg8 44.Rf2 e3 45.Rf4 Rg1 46.Ne2 Re1 47.Ng3 e2 48.
Rxc4 Rh1+ 49.Nxh1 e1=Q 50.Ng3 Qe8 51.Nxh5 Qe3+ 52.Ng3 f4 0-1

[Event "33rd World U20 ch"]
[Site "Matinhos BRA"]
[Date "1994.09.??"]
[Round "10"]
[White "Del Rio Angelis, Salvador Gabriel"]
[Black "Pedersen, Steffen"]
[Result "1-0"]
[WhiteElo "2350"]
[BlackElo "2415"]
[EventDate "1994.09.03"]
[PlyCount "65"]

1.e4 c5 2.Nc3 d6 3.Nge2 a6 4.g3 b5 5.Bg2 Bb7 6.O-O e6 7.d4 cxd4 8.Nxd4 Nf6
9.Re1 Nbd7 10.e5 Bxg2 11.exf6 Bb7 12.fxg7 Bxg7 13.Nf5 Be5 14.Nxd6+ Bxd6 
15.Qxd6 Qb6 16.Qxb6 Nxb6 17.Be3 Nc4 18.Bd4 Rg8 19.Ne4 Bxe4 20.Rxe4 Rc8 21.
Kg2 Rg5 22.Re2 Rd5 23.Bc3 b4 24.Be1 a5 25.a3 Nxb2 26.axb4 axb4 27.Bxb4 Rb5
28.Ba3 Nc4 29.Bc1 Nb6 30.Ra7 Nd5 31.Ba3 Rc4 32.Ra8+ Kd7 33.Rf8 1-0

[Event "33rd World U20 ch"]
[Site "Matinhos BRA"]
[Date "1994.09.??"]
[Round "10"]
[White "Pelletier, Yannick"]
[Black "Barria Zuniga, Daniel"]
[Result "0-1"]
[WhiteElo "2350"]
[BlackElo "2340"]
[EventDate "1994.09.03"]
[PlyCount "102"]

1.d4 Nf6 2.c4 g6 3.Nc3 Bg7 4.e4 d6 5.Nf3 O-O 6.Be2 e5 7.O-O Nc6 8.Be3 Ng4 
9.Bg5 f6 10.Bh4 g5 11.Bg3 Nh6 12.dxe5 dxe5 13.h3 g4 14.hxg4 Bxg4 15.Qxd8 
Raxd8 16.Nb5 Rf7 17.c5 Be6 18.Rfd1 Rxd1+ 19.Bxd1 Bf8 20.Rc1 Rd7 21.Ba4 Kf7
22.a3 a6 23.Nc3 Bxc5 24.Nd5 Bb6 25.Bh4 Ng8 26.Nxf6 Nxf6 27.Ng5+ Ke8 28.
Nxe6 Nxe4 29.Bxc6 bxc6 30.Re1 Kf7 31.Nd8+ Rxd8 32.Rxe4 Rd5 33.Kf1 Rd4 34.
Rxd4 Bxd4 35.b3 e4 36.Bg3 Bb6 37.Ke2 Ke6 38.Kd2 Kd5 39.Kc3 c5 40.Bf4 c6 
41.Be3 Bc7 42.Kd2 Be5 43.Kc2 Bd4 44.Kd2 Bb2 45.a4 Ba3 46.Bh6 c4 47.Kc3 
cxb3 48.Kxb3 Bc5 49.f3 exf3 50.gxf3 Bd6 51.Kc3 Be5+ 0-1

[Event "33rd World U20 ch"]
[Site "Matinhos BRA"]
[Date "1994.09.??"]
[Round "10"]
[White "Sergejev, Roman"]
[Black "Kovacevic, Blazimir"]
[Result "0-1"]
[WhiteElo "2370"]
[BlackElo "2315"]
[EventDate "1994.09.03"]
[PlyCount "77"]

1.d4 e6 2.Nf3 Nf6 3.c4 Bb4+ 4.Bd2 Qe7 5.g3 O-O 6.Bg2 Bxd2+ 7.Nbxd2 d6 8.e4
e5 9.d5 a5 10.O-O Bg4 11.Qc2 Bxf3 12.Nxf3 c6 13.dxc6 Nxc6 14.h4 Nd7 15.Bh3
Nc5 16.b3 a4 17.Rfb1 Qf6 18.Bg2 Ne6 19.Qd3 axb3 20.axb3 Ned4 21.Nxd4 Nxd4 
22.b4 Qe6 23.Kh2 b6 24.Rc1 Qe7 25.Ra3 Ra7 26.Rca1 Rfa8 27.Qc3 g6 28.R1a2 
Nc6 29.Bh3 Qb7 30.Qa1 Rxa3 31.Rxa3 Rxa3 32.Qxa3 Nd4 33.Bg2 Kg7 34.f4 Qe7 
35.Qc3 Qf6 36.fxe5 Qxe5 37.Qd3 Nc6 38.Qb3 Qd4 39.Qc2 0-1

[Event "33rd World U20 ch"]
[Site "Matinhos BRA"]
[Date "1994.09.??"]
[Round "10"]
[White "Milanovic, Danilo"]
[Black "Goldgewicht, Lionel"]
[Result "0-1"]
[WhiteElo "2325"]
[BlackElo "2300"]
[EventDate "1994.09.03"]
[PlyCount "58"]

1.d4 e6 2.c4 f5 3.g3 Nf6 4.Bg2 Be7 5.Nh3 O-O 6.O-O d6 7.Nc3 Qe8 8.Nf4 c6 
9.e4 fxe4 10.Nxe4 Nxe4 11.Bxe4 e5 12.dxe5 dxe5 13.Nd3 Bh3 14.Re1 Nd7 15.f4
Qf7 16.Qe2 exf4 17.Nxf4 Bc5+ 18.Kh1 Nf6 19.Nxh3 Nxe4 20.Bf4 Rae8 21.Qc2 
Qf5 22.Qg2 g5 23.g4 Qg6 24.Bg3 h6 25.Rf1 Qe6 26.b3 Qxg4 27.Rxf8+ Rxf8 28.
Re1 Nxg3+ 29.hxg3 Rf3 0-1

[Event "33rd World U20 ch"]
[Site "Matinhos BRA"]
[Date "1994.09.??"]
[Round "10"]
[White "Nordahl, Helge"]
[Black "Szuhanek, Ranko"]
[Result "0-1"]
[WhiteElo "2245"]
[BlackElo "2350"]
[EventDate "1994.09.03"]
[PlyCount "138"]

1.d4 d5 2.c4 c6 3.Nf3 Nf6 4.Nc3 e6 5.Bg5 h6 6.Bxf6 Qxf6 7.e3 Qe7 8.Qc2 Nd7
9.cxd5 exd5 10.Bd3 Qd6 11.O-O Be7 12.e4 dxe4 13.Nxe4 Qb4 14.a3 Qb6 15.d5 
cxd5 16.Nc3 Nf6 17.Bb5+ Kf8 18.Qd3 g6 19.Nxd5 Nxd5 20.Qxd5 Kg7 21.Bd7 Bxd7
22.Qxd7 Bf6 23.Rab1 Qb3 24.Qd1 Qb5 25.Re1 Rhd8 26.Qe2 Qb3 27.Nd2 Qd3 28.
Qxd3 Rxd3 29.Ne4 Bd4 30.Kf1 Rc8 31.Nc3 Bxc3 32.bxc3 b6 33.Re7 Rcxc3 34.
Rxa7 Rc2 35.Kg1 Rb3 36.Rd1 Rbb2 37.Rf1 Ra2 38.g3 b5 39.Ra5 Rcb2 40.Kg2 Rb3
41.Rc1 Raxa3 42.Rxa3 Rxa3 43.Rc6 b4 44.Rb6 Rb3 45.h4 Rb1 46.Kf3 b3 47.Kg2 
g5 48.hxg5 hxg5 49.f4 g4 50.f5 f6 51.Kf2 Kf7 52.Kg2 Rb2+ 53.Kg1 Ke7 54.Kf1
Kd7 55.Ke1 Kc7 56.Rb4 Kd6 57.Kd1 Ke5 58.Kc1 Rc2+ 59.Kb1 Kxf5 60.Rxb3 Rf2 
61.Rd3 Rf3 62.Kc2 Ke4 63.Rd6 f5 64.Re6+ Kd5 65.Re8 Rxg3 66.Kd2 Ra3 67.Ke2 
Ra4 68.Kf2 Re4 69.Ra8 Ke5 0-1